| 000 | 00463nam a2200169Ia 4500 | ||
|---|---|---|---|
| 999 |
_c11759 _d11759 |
||
| 003 | OSt | ||
| 005 | 20201117143313.0 | ||
| 008 | 190216s9999||||xx |||||||||||||| ||und|| | ||
| 040 | _coclc | ||
| 082 |
_a823.01 _bHEM/S |
||
| 100 |
_aHemming, James _94674 |
||
| 245 | 0 |
_aSquinty Gets His Man / _cJames Hemming |
|
| 260 |
_bLongmans, _c1962. _aLondon: |
||
| 300 | _a64p | ||
| 650 | _aSpeeches | ||
| 942 |
_cBK _2ddc _h823.01 _iHEM/S _k823.01 _mHEM/S |
||